000 00647cam a2200205 i 4500
005 20251204121928.0
008 250721s2021 ku gr 000 0 ara d
020 _a9789921768015
082 1 4 _a218.5
_bش ر ق
100 1 _aشرقاوي، أدهم.
_eمؤلف.
245 1 0 _aرسائل من القرآن /
_cأدهم شرقاوي.
264 3 1 _aالكويت :
_bدار كلمات للنشر و التوزيع،
_c2021.
300 _a283 صفحة.
650 1 7 _aالاسلام.
650 1 7 _aالوعظ و الارشاد.
650 1 7 _aالرسائل.
650 1 7 _aالحكم.
942 _2ddc
_cBK
999 _c146909
_d146909